|
|
|
|
| LEADER |
00000naa2a2200000 4500 |
| 001 |
626972 |
| 005 |
20240122154719.0 |
| 035 |
|
|
|a (RuTPU)RU\TPU\conf\26651
|
| 035 |
|
|
|a RU\TPU\conf\26650
|
| 090 |
|
|
|a 626972
|
| 100 |
|
|
|a 20180809d2018 k y0rusy50 ca
|
| 101 |
0 |
|
|a rus
|
| 102 |
|
|
|a RU
|
| 105 |
|
|
|a y z 101zy
|
| 135 |
|
|
|a drcn ---uucaa
|
| 181 |
|
0 |
|a i
|
| 182 |
|
0 |
|a b
|
| 200 |
1 |
|
|a Подбор оптимальных параметров процесса сульфирования линейных алкилбензолов
|f И. О. Долганова, А. В. Шандыбина
|g науч. рук. Э. Д. Иванчина
|
| 203 |
|
|
|a Текст
|c электронный
|
| 225 |
1 |
|
|a Технология и моделирование процессов подготовки и переработки углеводородного сырья
|
| 300 |
|
|
|a Заглавие с экрана
|
| 320 |
|
|
|a [Библиогр.: с. 370 (2 назв.)]
|
| 463 |
|
0 |
|0 (RuTPU)RU\TPU\conf\26227
|t Химия и химическая технология в XXI веке
|o материалы XIX Международной научно-практической конференции студентов и молодых ученых имени профессора Л. П. Кулёва, 21-24 мая 2018 г., г. Томск
|f Национальный исследовательский Томский политехнический университет
|v [С. 369-370]
|d 2018
|
| 610 |
1 |
|
|a электронный ресурс
|
| 610 |
1 |
|
|a труды учёных ТПУ
|
| 610 |
1 |
|
|a оптимальные параметры
|
| 610 |
1 |
|
|a сульфирование
|
| 610 |
1 |
|
|a линейные алкилбензолы
|
| 610 |
1 |
|
|a синтетические моющие средства
|
| 610 |
1 |
|
|a поверхностно-активные вещества
|
| 610 |
1 |
|
|a алкилбензосульфокислоты
|
| 700 |
|
1 |
|a Долганова
|b И. О.
|c химик
|c младший научный сотрудник Томского политехнического университета, аспирант, кандидат технических наук
|f 1988-
|g Ирэна Олеговна
|3 (RuTPU)RU\TPU\pers\27911
|9 12914
|
| 701 |
|
1 |
|a Шандыбина
|b А. В.
|
| 702 |
|
1 |
|a Иванчина
|b Э. Д.
|c химик
|c профессор Томского политехнического университета, доктор технических наук
|f 1951-
|g Эмилия Дмитриевна
|4 727
|
| 712 |
0 |
2 |
|a Национальный исследовательский Томский политехнический университет
|b Инженерная школа природных ресурсов
|b Отделение химической инженерии
|3 (RuTPU)RU\TPU\col\23513
|
| 712 |
0 |
2 |
|a Национальный исследовательский Томский политехнический университет
|b Управление проректора по научной работе и инновациям
|b Информационно-аналитический отдел
|3 (RuTPU)RU\TPU\col\23557
|
| 801 |
|
2 |
|a RU
|b 63413507
|c 20180821
|g RCR
|
| 856 |
4 |
|
|u http://earchive.tpu.ru/handle/11683/49821
|
| 942 |
|
|
|c BK
|